Really fun stuff I like! - Statistics

General Stats
  • This quiz has been taken 16 times
  • The average score is 10 of 12
Answer Stats
Picture Answer % Correct
Mario
100%
Rat
100%
Cow
93%
Luigi
93%
Sheep
93%
sonic
93%
Zebra
93%
Bowser
79%
knuckles
79%
Bowser jr
64%
Shadow
50%
tails
50%
No matching quizzes found
Score Distribution
Percent of People with Each Score
Percentile by Number Answered
Your Score History
You have not taken this quiz